| 000 | 00642nam a22001937a 4500 | ||
|---|---|---|---|
| 005 | 20251108173453.0 | ||
| 008 | 250721s1999 xx 000 0 ara d | ||
| 082 | 1 | 4 | _a351.720009565/ أرد |
| 245 | 1 | 0 | _aديوان المحاسبة التقرير السنوي الثامن و الأربعون / |
| 264 | 1 |
_aعمان : _bديوان المحاسبة، _c1999. |
|
| 300 | _a209ص. | ||
| 650 | 1 | 7 | _aالمحاسبة الحكومية |
| 650 | 1 | 7 | _aالقوانين و اللوائح |
| 650 | 1 | 7 | _aتدقيق الحسابات الحكومية |
| 650 | 1 | 7 | _aالرقابة |
| 650 | 1 | 7 | _aالأردن |
| 942 |
_2ddc _cBK |
||
| 999 |
_c104651 _d104651 |
||